Administración de recursos humanos (Registro nro. 4853)

Detalles MARC
000 -LEADER
fixed length control field 01718 a2200265 4500
001 - CONTROL NUMBER
control field 49486
005 - DATE AND TIME OF LATEST TRANSACTION
control field 20260407155758.0
008 - FIXED-LENGTH DATA ELEMENTS--GENERAL INFORMATION
fixed length control field 260407a2014 arg spa d
003 - CONTROL NUMBER IDENTIFIER
control field AR-UNSa-BCEJYS
040 ## - CATALOGING SOURCE
Original cataloging agency AR-UNSa-BCEJYS
Language of cataloging spa
Transcribing agency AR-UNSa-BCEJYS
080 ## - UNIVERSAL DECIMAL CLASSIFICATION NUMBER
Universal Decimal Classification number 658.3
Common auxiliary subdivision Personal. Relaciones humanas en la empresa (Recursos Humanos)
020 ## - INTERNATIONAL STANDARD BOOK NUMBER
International Standard Book Number 978-607-15-1076-1
041 ## - LANGUAGE CODE
Language code of text/sound track or separate title spa
100 1# - MAIN ENTRY--PERSONAL NAME
Personal name Werther, William B.
245 10 - TITLE STATEMENT
Title Administración de recursos humanos
Name of part/section of a work gestión del capital humano
250 ## - EDITION STATEMENT
Edition statement 7a. ed.
264 #1 - PRODUCTION, PUBLICATION, DISTRIBUTION, MANUFACTURE, AND COPYRIGHT NOTICE
Place of production, publication, distribution, manufacture México :
Name of producer, publisher, distributor, manufacturer McGraw-Hill
Date of production, publication, distribution, manufacture, or copyright notice 2014
300 ## - PHYSICAL DESCRIPTION
Extent xix, 428 p.
Dimensions 27 cm
505 ## - FORMATTED CONTENTS NOTE
Formatted contents note PARTE I: Fundamentos y desafíos: 1. Elementos esenciales del capital humano - 2. Desafíos del entorno - 3. Gestión internacional del capital humano - PARTE II: Preparación y selección: 4. Planeación del capital humano - 5. Análisis y diseño de puestos - 6. Reclutamiento - 7. Identificación del talento - PARTE III: Desarrollo y evaluación: 8. Inducción, ubicación y separación - 9. Capacitación y desarrollo - 10. Planeación de la carrera profesional - 11. Evaluación del desempeño - PARTE IV: Compensación y seguridad: 12. Administración de sueldos y salarios - 13. Sistema de compensaciones - 14. Seguridad e higiene - PARTE V: Relaciones con el personal y evaluación de la cultura organizacional: 15. Desafíos de la cultura organizacional - 16. Relaciones de la empresa con el sindicato - 17. Evaluación y perspectivas a futuro -
590 ## - LOCAL NOTE (RLIN)
Local note niveau_biblio:m niveau_hierar:0
700 1# - ADDED ENTRY--PERSONAL NAME
Personal name Davis, Keith
700 1# - ADDED ENTRY--PERSONAL NAME
Personal name Guzmán Brito, Martha Patricia
856 41 - ELECTRONIC LOCATION AND ACCESS
Uniform Resource Identifier <a href="https://www.biblioeco.unsa.edu.ar/pmb/images/libros/L128120.jpg">https://www.biblioeco.unsa.edu.ar/pmb/images/libros/L128120.jpg</a>
Link text Imagen de portada
Electronic format type image/jpeg
942 ## - ADDED ENTRY ELEMENTS (KOHA)
Koha item type
Existencias
Withdrawn status Lost status Damaged status Not for loan Home library Current library Shelving location Date acquired Total checkouts Full call number Barcode Date last seen Price effective from Koha item type
        Biblioteca Prof. Eusebio Cleto del Rey Biblioteca Prof. Eusebio Cleto del Rey   07/04/2026   658.3 W499 7ed. L128119 07/04/2026 07/04/2026 Libro
        Biblioteca Prof. Eusebio Cleto del Rey Biblioteca Prof. Eusebio Cleto del Rey   07/04/2026   658.3 W499 7ed. L128120 07/04/2026 07/04/2026 Libro